Health of the Nation: (Record no. 183362)
[ view plain ]
| 000 -LEADER | |
|---|---|
| fixed length control field | 00690 a2200205 4500 |
| 005 - DATE AND TIME OF LATEST TRANSACTION | |
| control field | 20211223150935.0 |
| 010 ## - LCCN (DPL NO) | |
| LC control number | ENG-130560 |
| 020 ## - INTERNATIONAL STANDARD BOOK NUMBER | |
| International Standard Book Number | 978-0-19-949983-0 |
| Terms of availability | 1995.00 |
| 035 ## - SYSTEM CONTROL NUMBER | |
| System control number | EN-114092 |
| 037 ## - SOURCE OF ACQUISITION | |
| Source of stock number/acquisition | DBAD/PUB |
| 082 ## - DEWEY DECIMAL CLASSIFICATION NUMBER | |
| Classification number | 362.10954 |
| Item number | 1 |
| 245 ## - TITLE STATEMENT | |
| Title | Health of the Nation: |
| Remainder of title | Perspectives for a New India/ |
| Statement of responsibility, etc | Edited by Ali Mehdi, Irudaya Rajan |
| 250 ## - EDITION STATEMENT | |
| Edition statement | 2020 |
| 260 ## - PUBLICATION, DISTRIBUTION, ETC. (IMPRINT) | |
| Place of publication, distribution, etc | New Delhi |
| Name of publisher, distributor, etc | Oxford University Press |
| Date of publication, distribution, etc | 2020 |
| 270 ## - ADDRESS | |
| Address | 22 Workspace, 2nd Floor, 1/22 Asaf Ali Road |
| City | New Delhi |
| Postal code | 110002 |
| 300 ## - PHYSICAL DESCRIPTION | |
| Extent | ix-xii, 322p. |
| Dimensions | 28cm (pbk) |
| Other physical details | Editor and Contributors |
| 700 ## - ADDED ENTRY--PERSONAL NAME | |
| Personal name | Mehdi, Ali |
| 700 ## - ADDED ENTRY--PERSONAL NAME | |
| Personal name | Rajan, Irudaya |
| 942 ## - ADDED ENTRY ELEMENTS (KOHA) | |
| Institution code [OBSOLETE] | dpl |
| Item type | English Books |
| Source of classification or shelving scheme | Dewey Decimal Classification |
| Classification part | 362.10954 |
| Call number suffix | HEA |
| Withdrawn status | Lost status | Not for loan | Collection code | Home library | Current library | Date acquired | Source of acquisition | Cost, normal purchase price | Full call number | Barcode | Copy number | Cost, replacement price | Koha item type |
|---|---|---|---|---|---|---|---|---|---|---|---|---|---|
| Non-fiction | Bawana | Bawana | 23/12/2021 | DBAD/PUB | 1995.00 | 362.10954 HEA | EN-114092 | 1 | 1995.00 | English Books |
